01162nam a2200229 a 4500008004100000020001500041050001900056100002000075245028900095246004300384260005000427300001800477350000900495500005100504650002700555650004700582650001500629710004300644995009300687999001700780952013500797120416s1978 ||||||||||||||||| || u a0900296720 aHD 5660.S9 Wor aGregory, Dennis10aWork organization : Swedish experience and British context : papers and commentaries from a conference sponsored by the SSRC and held at the Imperial College of Science and Technology, London, March 1974, with a postscript on some subsequent changes to 1977 /cedited by Denis Gregory aSwedish experience and British context aLondonbSocial Science Research Councilc1978 ax, 270p : ill a0.00 aIncludes bibliographical references and index. aJob enrichment--Sweden aManagement--Employee participation--Sweden 0aMANAGEMENT aSocial Science Research Council (U.S.) D0.00FCBU-MAIN LIBRARY (Kitwe)H1I8.50M1UDAMAGEDZMain Library Open Access Collection c61921d61921 00102lcc4070a001b001cMain Library Open Access Collectiond2022-11-30l0oHD 5660.S9 Worp004245r2022-11-30w2022-11-30y002